Geography Quiz

Random Geography or City Quiz

Are We There Yet? II Quiz Stats

Quiz not verified by Sporcle

Challenge
Share
Tweet
Score 0/30 Timer 14:00
0 Plays Today
% Correct
St. Paul
74.3%
Toledo
61.9%
Las Cruces
60%
Greensboro
51.4%
Spokane
48.6%
Chattanooga
47.6%
St. Petersburg
47.6%
Provo
47.6%
Savannah
46.7%
Boise
46.7%
Lincoln
41%
Columbia
39%
Peoria
37.1%
Duluth
37.1%
Amarillo
36.2%
% Correct
Shreveport
35.2%
Topeka
35.2%
Manchester
33.3%
Gainesville
33.3%
Lexington
32.4%
Roanoke
31.4%
Rochester
29.5%
Fort Lauderdale
26.7%
Odessa
25.7%
Chico
23.8%
Wichita Falls
19%
Lafayette
19%
Yakima
18.1%
Chula Vista
17.1%
Rockford
9.5%

You're not logged in!

Compare scores with friends on all Sporcle quizzes.
Sign Up with Email
OR
Log In

You Might Also Like...

Show Comments

Extras

Top Quizzes Today


Score Distribution

Your Account Isn't Verified!

In order to create a playlist on Sporcle, you need to verify the email address you used during registration. Go to your Sporcle Settings to finish the process.